000 00856 a2200241 4500
005 20180312141942.0
008 131001s1996 sp a ar|||| 00| 0 spa d
020 _a8434857103
040 _aCO-BoUCM
_bspa
_cJose A. Gerena
_dDiana Londoño
041 0 0 _aspa
100 1 _aEscardó i Bas, Mercé
_946955
245 1 0 _a¡Cómo está el tiempo!
_cMercé Escardó i Bas ; ilustraciones de Gemma Sales
250 _a3a Ed
260 _c1996
_bSM
_aMadrid (España)
300 _a31 páginas
_bilustraciones a color
490 _aLos piratas
_aEl barco de vapor
_v32
650 7 _918684
_aLiteratura infantil española
650 7 _937305
_aCuentos ilustrados para niños
690 _942863
_aLiteratura europea
700 1 _aSales, Gemma
_eilustrador
_946956
942 _a18
_cLIBRO
_e3
_mE743c
_2DEWEY
_h868.64
_n0
999 _c181717
_d181717